000 00620nja a2200193 a 4500
003 BLK
005 20230401030302.0
008 180414c bul|r|ner|||| 00| c0bul d
010 _aNOT00003355002
040 _aBLK
245 1 0 _aСън сънувах
_bЗа смесен хор и соло тенор
_cтекст Пейо Яворов.
257 _aBGR
380 _a7
773 _0317986
_9670961
_tХорови песни
852 _aЦб М ІІ 11844
942 _cNOT
_n0
944 _aCR
_c11.09.2012
_kИрена_Линкова
944 _aED
_c29.01.2014
_k
999 _c317988
_d317988